| 000 | 01258nmc a2200469 a 4500 | ||
|---|---|---|---|
| 003 | AR-BaBNM | ||
| 005 | 20251128204718.0 | ||
| 008 | 306119s1987 ||||||||||||||000 | spa|| | ||
| 020 | _a84-7423-305-4 | ||
| 040 | _cAR-BaBNM | ||
| 100 | 1 | _aLewontin, R.C. | |
| 245 | 1 | 0 |
_aNo está en los genes _bracismo, genética e ideología |
| 260 |
_aBarcelona _bCrítica _c1987 |
||
| 300 | 0 | _a357 p. | |
| 490 | 0 |
_aSerie general. Estudios y ensayos _vv. 168 |
|
| 500 | 0 | _aContiene índice alfabético | |
| 600 | 1 | 4 | _aBacon, Francis |
| 600 | 0 | 4 | _aCarlos |
| 600 | 1 | 4 |
_aCromwell, Oliver _d1599-1658 |
| 600 | 1 | 4 | _aMarx, Karl |
| 600 | 1 | 4 | _aDarwin, Carlos |
| 600 | 1 | 4 | _aDescartes, René |
| 600 | 1 | 4 | _aEngels, Friedrich |
| 600 | 1 | 4 | _aMark, V.H. |
| 600 | 1 | 4 | _aWilson, E.O. |
| 650 | 4 | _aTEORIA DE LA COMUNICACION | |
| 650 | 4 | _aPSICOLOGIA | |
| 650 | 4 | _aNEUROLOGIA | |
| 650 | 4 | _aSOCIOLOGIA POLITICA | |
| 650 | 4 | _aCIENCIAS POLITICAS | |
| 650 | 4 | _aIDEOLOGIAS | |
| 650 | 4 | _aSOCIALISMO | |
| 650 | 4 | _aMOVIMIENTO OBRERO | |
| 650 | 4 | _aRACISMO | |
| 650 | 4 | _aCONTROL SOCIAL | |
| 700 | 1 | _aRose, Steven | |
| 700 | 1 | _aKamin, Leon J. | |
| 700 | 1 |
_aTorner, Enrique _etraductor |
|
| 700 | 1 |
_aMancera, Jorge _erevisión |
|
| 942 | _cBK | ||
| 998 | _cenrique | ||
| 999 |
_c8530 _d8530 |
||